00393nam a2200121 a 45000010005000000030005000050050017000100080041000270400020000681100043000882450077001312600063002083480CDMR20130116135244.0130130s1997||||||||||||||||||||||||||||d aCDMRbcatcCDMR2 aObservatoire Europeen de l'Audiovisuel10aStatistical yearbookbFilm, television, video and new media in Europe 98 aStrasbourgc1997bObservatoire Européen de l'Audiovisuel